Revista argentina de producción animal: (Record no. 166110)
[ view plain ]
| 000 -CABECERA | |
|---|---|
| campo de control de longitud fija | 01005nas a2200301 a 4500 |
| 001 - NÚMERO DE CONTROL | |
| campo de control | Z_3025 |
| 003 - IDENTIFICADOR DEL NÚMERO DE CONTROL | |
| campo de control | CHAP |
| 005 - FECHA Y HORA DE LA ÚLTIMA TRANSACCIÓN | |
| campo de control | 20260126125624.0 |
| 007 - CAMPO FIJO DE DESCRIPCIÓN FÍSICA--INFORMACIÓN GENERAL | |
| campo de control de longitud fija | ta |
| 008 - DATOS DE LONGITUD FIJA--INFORMACIÓN GENERAL | |
| campo de control de longitud fija | 220113s1995 ag ad fr 000 0 spa d |
| 010 ## - NÚMERO DE CONTROL DE LA BIBLIOTECA DEL CONGRESO | |
| Número de control de LC | 166110 |
| 022 0# - NÚMERO INTERNACIONAL NORMALIZADO PARA PUBLICACIONES SERIADAS | |
| Número Internacional Normalizado para Publicaciones Seriadas | 0326-0550 |
| 040 ## - FUENTE DE LA CATALOGACIÓN | |
| Centro catalogador/agencia de origen | Z |
| Centro/agencia transcriptor | CHAP |
| Lengua de catalogación | Español |
| Normas de descripción | rda |
| 041 ## - CÓDIGO DE LENGUA | |
| Código de lengua del sumario o resumen | Español |
| Código de lengua de la tabla de contenido | Eapañol |
| 082 ## - NÚMERO DE LA CLASIFICACIÓN DECIMAL DEWEY | |
| Número de clasificación | 636.08 |
| Número de documento/Ítem | A7 |
| Número de edición | 20 |
| 110 2# - ENTRADA PRINCIPAL--NOMBRE DE ENTIDAD CORPORATIVA | |
| Nombre de entidad corporativa o nombre de jurisdicción como elemento de entrada | Asociación Latinoamericana de Producción Animal |
| 9 (RLIN) | 8034 |
| Número del congreso/reunión o número de parte o sección | ( 19 : |
| Sede del congreso/Lugar de la reunión | Mar del Plata, Argentina : |
| Fecha del congreso/reunión o de la firma de un tratado | 26 noviembre - 01 diciembre : 1995) |
| 245 ## - MENCIÓN DE TÍTULO | |
| Título | Revista argentina de producción animal: |
| Resto del título | Memorias / |
| Mención de responsabilidad, etc. | ALPA |
| 264 ## - PRODUCCIÓN, PUBLICACIÓN, DISTRIBUCIÓN, FABRICACIÓN Y COPYRIGHT | |
| Producción, publicación, distribución, fabricación y copyright | Argentina : |
| Nombre del de productor, editor, distribuidor, fabricante | ALPA |
| Fecha de producción, publicación, distribución, fabricación o copyright | 1995 |
| 300 ## - DESCRIPCIÓN FÍSICA | |
| Extensión | 3 volumenes |
| 500 ## - NOTA GENERAL | |
| Nota general | Donación (3 volúmenes) |
| 650 ## - PUNTO DE ACCESO ADICIONAL DE MATERIA--TÉRMINO DE MATERIA | |
| Término de materia o nombre geográfico como elemento de entrada | Ganadería |
| 9 (RLIN) | 137344 |
| 650 ## - PUNTO DE ACCESO ADICIONAL DE MATERIA--TÉRMINO DE MATERIA | |
| Término de materia o nombre geográfico como elemento de entrada | Ganado |
| Subdivisión general | Producción |
| -- | Congresos |
| 9 (RLIN) | 44947 |
| 710 0# - PUNTO DE ACCESO ADICIONAL--NOMBRE DE ENTIDAD CORPORATIVA | |
| Nombre de entidad corporativa o nombre de jurisdicción como elemento de entrada | Asociación Latinoamericana de Producción Animal |
| 9 (RLIN) | 8034 |
| Número del congreso/reunión o número de parte o sección | ( 19 : |
| Sede del congreso/Lugar de la reunión | Mar del Plata, Argentina : |
| Fecha del congreso/reunión o de la firma de un tratado | 26 noviembre - 01 diciembre : 1995) |
| 942 ## - ELEMENTOS DE PUNTO DE ACCESO ADICIONAL (KOHA) | |
| Tipo de ítem Koha | Libro |
| Fuente del sistema de clasificación o colocación | Dewey Decimal Classification |
| 901 ## - ELEMENTOS DE DATOS A LOCAL LDA (RLIN) | |
| a | 636.08 A7 |
| 902 ## - ELEMENTOS DE DATOS B LOCAL, LDB (RLIN) | |
| a | A |
| 910 ## - DATOS DE OPCIÓN DEL USUARIO (OCLC) | |
| Datos de opción del usuario | 1995 |
| Estado de retiro | Estado de pérdida | Fuente del sistema de clasificación o colocación | Estado dañado | Restricciones de uso | No para préstamo | Código de colección | Localización permanente | Ubicación/localización actual | Fecha de adquisición | Fuente de adquisición | Enumeración/cronología de publicación seriada | Número de inventario | Signatura topográfica completa | Código de barras | Fecha visto por última vez | Número de copia | Precio válido a partir de | Tipo de ítem Koha |
|---|---|---|---|---|---|---|---|---|---|---|---|---|---|---|---|---|---|---|
| Dewey Decimal Classification | Préstamo interno | General | Zootecnia | Zootecnia | 09/11/2005 | Donación | Volumen 15 Número 1 | S/N | 636.08 A7 | z_3133 | 18/01/2022 | Ej.1 V.15 No.1 | 18/01/2022 | Libro | ||||
| Dewey Decimal Classification | Préstamo interno | General | Zootecnia | Zootecnia | 09/11/2005 | Donación | Volumen 15 Número 2 | S/N | 636.08 A7 | z_3134 | 18/01/2022 | Ej.1 V.15 No.2 | 18/01/2022 | Libro | ||||
| Dewey Decimal Classification | Préstamo interno | General | Zootecnia | Zootecnia | 09/11/2005 | Donación | Volumen 15 Número 3/4 | S/N | 636.08 A7 | z_3135 | 18/01/2022 | Ej.1 V.15 No.3/No.4 | 18/01/2022 | Libro |
